| 000 | 00569nam a2200193 a 4500 | ||
|---|---|---|---|
| 001 | 2018 | ||
| 005 | 20140414132043.0 | ||
| 008 | 050216s19uu xx 00 eng d | ||
| 020 | _a0-8136-2909-8 | ||
| 050 |
_aBB _bP49 1992 |
||
| 100 | _aJones, Anne G. | ||
| 245 |
_aPhysically challenged people / _cwritten by Anne G. Jones. |
||
| 260 |
_aCleveland, Ohio : _bModern Curriculum Press, _c1992. |
||
| 300 | _a16 p. : ill. ; cm. | ||
| 440 | _aConcept Health | ||
| 650 |
_aHealth _xJuvenile literature. |
||
| 650 |
_aDisabled _xJuvenile literatrure. |
||
| 999 |
_c113902 _d113902 |
||